Countries A-Z with the Highest Press Freedom - Statistics

General Stats
  • This quiz has been taken 67 times
  • The average score is 21 of 24
Answer Stats
Letter Global Score Country % Correct
D 89.6 Denmark
95%
F 86.55 Finland
95%
Z 55.38 Zambia
95%
I 85.59 Ireland
94%
G 83.84 Germany
92%
O 42.52 Oman
92%
Q 58.48 Qatar
92%
U 77.51 United Kingdom
92%
Y 33.67 Yemen
92%
B 81.49 Belgium
90%
N 91.89 Norway
90%
S 88.32 Sweden
90%
A 74.69 Austria
89%
C 81.7 Canada
89%
H 62.98 Hungary
89%
E 86.44 Estonia
87%
L 83.8 Luxembourg
87%
P 85.9 Portugal
87%
J 77.3 Jamaica
85%
V 33.06 Venezuela
84%
R 68.45 Romania
82%
K 60.19 Kosovo
66%
T 78.92 Timor-Leste
53%
M 74.86 Moldova
48%
No matching quizzes found
Score Distribution
Percent of People with Each Score
Percentile by Number Answered
Your Score History
You have not taken this quiz